000 00869nam a22002057i 4500
999 _c22718
_d22718
003 AR-CdUCM
008 231016b20102010pe a|||| |||| 00| 0 spa d
040 _aMUNICIPALIDAD PROVINCIAL DEL CUSCO
_cBIBLIOTECA MUNICIPAL DEL CUSCO
041 _hspa
082 _a372.41 / C81
_bC81
100 _aConde Lozano, Guido
_948949
245 _aMetodología activa en el desarrollo de capacidades en la lecto-escritura /
260 _aSicuani-Cusco :
_c2010.
300 _a72 páginas. :
_c21 cm.
500 _zBibliografía: páginas 73-74
505 _aConocimiento se construye -- 0riginalidad -- Factibilidad -- Aprendizaje -- Lectoescritura -- Fundamentación de la metodología -- Método activo -- Autoaprendizaje y trabajo independiente -- Lectura y escritura
650 _aEl conocimiento se construye
_949236
942 _2ddc
_cLIBROS
945 _apebm
_d2023-10-16